00695nam a2200241 a 4500001001300000003000900013005001700022008004100039020001000080082001400090100002400104245004900128260003200177300000800209500003500217505001600252650001600268700002400284902000800308942000700316952011500323999001500438nice12345678IN_TiNIC20260116012633.0050524s1997 luca grp 000 0 ara  ac10000a239bABD5 aAbdul Hai, Mohammad aAl-Rashidiyya Sharah-Ul-Risalatil Sharifiyya aLucknowbYusufi Pressc1997 a64p aincludes index and biblioraphy2 aManuscript. aApologetics1 aAbdul Hai, Mohammad bSRS cBK 001040708StackRoom-aHMIbHMId2007-06-20g100.00l0o239 ABD5p010838r2007-06-20v100.00w2005-05-24yBK c7752d7752